International dictionary of finance

Bibliographic Details
Main Author: Baunock, Graham
Other Authors: Manser
Format: Book
Published: UK : Penguin Book , 1999
Subjects:

MARC

LEADER 00000cam a2200000 7i4500
001 0000012733
005 20050422.0
020 |a 0140514139 
040 |a INS 
090 0 0 |a HG151   |b B274 1999 
100 1 |a Baunock, Graham 
245 1 0 |a International dictionary of finance   |c Graham Baunock 
260 |a UK :   |b Penguin Book ,   |c 1999 
650 0 0 |a Finance   |x Dictionaries 
700 0 |a Manser   |x William 
999 |a 0000013515   |b BOOK   |c Open Shelf   |e Default branch